MARC

LEADER 00000nam0a2200000 4500
001 315646
005 20231102002811.0
035 |a (RuTPU)RU\TPU\book\341082 
090 |a 315646 
100 |a 20160303d1955 km y0rusy50 ca 
101 0 |a rus 
102 |a RU 
105 |a a z 000zy 
200 1 |a Наблюдение и видимость  |f В. В. Шаронов 
210 |a Москва  |c Изд-во Министерства обороны СССР  |d 1953 
215 |a 96 с.  |c ил. 
225 1 |a Научно-популярная библиотека солдата и матроса 
606 1 |a Вооруженные силы  |2 stltpush  |3 (RuTPU)RU\TPU\subj\3691  |9 32069 
610 1 |a наблюдение 
610 1 |a видимость 
610 1 |a армия 
610 1 |a далекие предметы 
610 1 |a условия наблюдения 
610 1 |a мутный воздух 
610 1 |a ночное видение 
610 1 |a ночь 
610 1 |a световые сигналы 
686 |a Ц4/7  |v LBC/SL-A  |2 rubbk 
700 1 |a Шаронов  |b В. В. 
801 1 |a RU  |b 63413507  |c 20160303 
801 2 |a RU  |b 63413507  |c 20200706  |g RCR 
942 |c BK